000 00779nam a22002537a 4500
003 0
005 20180703110905.0
008 0
010 _aB-022470, B-22471
020 _c350.00
_a8170118727
035 _aB-022470, B-22471
037 _bCen Lib/Ret
040 _aDPL
_bEN
_c0
082 _a808.899282
_bCHI
245 _aChildren's literature in India /
_cedited by Navin Menon [and] Bhavana Nair
260 _aNew Delhi
_bChildren's Book Trust
_c1999
270 _bNew Delhi
300 _a470p.
_c22cm(Hb)
650 _aChildren's literature, Indic -- History and criticism.
_998421
650 _aChildren -- Books and reading.
_998422
700 _aMenon, Navin
_998423
700 _aNair, Bhavana
_998424
942 _2ddc
_cEN
_h808.899282
_mCHI
999 _c135766
_d135766